000 00568nam a2200205Ia 4500
005 20260429111845.0
008 260429s9999||||xx |||||||||||||| ||und||
020 _a9789358994681
041 _aEnglish
082 _a660.6
_bRAV
100 _aRavichandra, N.G.
245 0 _aMolecular basis of plant-pathogen interaction /
_cN.G. Ravichandra
250 _a1st ed.
260 _aNew Delhi :
_bElite Publishing House,
_c2025.
300 _axix, 580 p.; hb
650 _a Molecular biology
650 _a Plant pathogen
650 _aBiotechnology
942 _cTB
999 _c51163
_d51163